Które państwo jest większe? cz.3 - Statystyki

Ogólne statystyki
  • Ten quiz został rozwiązany 194 razy
    23 od ostatniego zresetowania
  • Średni wynik to 8 z 15
Statystyki odpowiedzi
Zagadnienie Odpowiedź % Poprawnych
Które państwo jest większe? Indie
100%
Które państwo jest większe? Polska
83%
Które państwo jest większe? Brazylia
74%
Które państwo jest większe? Senegal
65%
Które państwo jest większe? Egipt
61%
Które państwo jest większe? Wyspy Świętego Tomasza i Książęca
61%
Które państwo jest większe? Kongo
52%
Które państwo jest większe? Malezja
52%
Które państwo jest większe? Meksyk
48%
Które państwo jest większe? Serbia
48%
Które państwo jest większe? Singapur
43%
Które państwo jest większe? Malta
39%
Które państwo jest większe? Gambia
35%
Które państwo jest większe? Holandia
35%
Które państwo jest większe? Timor Wschodni
30%
Nie znaleziono quizów pasujących do podanych kryteriów
Rozkład punktacji
Procent ludzi z każdym wynikiem
Percentyl według liczby udzielonych odpowiedzi
Twoja historia wyników
Nie rozwiązałeś tego quizu od ostatniego zresetowania